Biblioteca

The legacy of J. C. Hoekendijk (Registro nro. 57451)

Detalles MARC
000 -LÍDER
Campo fijo de descripción fija 00930aab a2200241 i 4500
001 - NÚMERO DE CONTROL
Campo de control 768714001
003 - IDENTIFICADOR DEL NÚMERO DE CONTROL
Campo de control CO-MdFUSB
005 - FECHA Y HORA DE LA ULTIMA TRANSACCIÓN
control field 20240802122519.0
008 - ELEMENTOS DE LONGITUD FIJA -- INFORMACIÓN GENERAL
Campo fijo de descripción fija -- Información general 240802t1995 -us||||| |||| 00| 0 eng d
040 ## - FUENTE DE CATALOGACIÓN
Idioma de catalogación spa
Agencia que realiza la transcripción CO-MdFUSB
041 ## - CÓDIGO DE IDIOMA
Código de idioma para texto/pista de sonido o título separado eng
100 1# - ASIENTO PRINCIPAL--NOMBRE PERSONAL
Nombre personal Hoedemaker, Bert
Término relacionador autor
245 #4 - TÍTULO
Título The legacy of J. C. Hoekendijk
Mención de responsabilidad / Bert Hoedemaker
520 ## - NOTA DE RESUMEN, ETC.
Nota de sumario, etc. Johannes Christiaan Hoekendijk es considerado a menudo como una figura influyente detrás de la llamada teología mundana que fue popular en el movimiento ecuménico de los años 1960.
546 ## - NOTA DE IDIOMA
Nota de idioma Texto en inglés.
650 #0 - ASIENTO SECUNDARIO DE MATERIA - TERMINO TEMÁTICO
Término temático o nombre geográfico como elemento de entrada Misiones
9 (RLIN) 154
650 #0 - ASIENTO SECUNDARIO DE MATERIA - TERMINO TEMÁTICO
Término temático o nombre geográfico como elemento de entrada Biografías cristianas
9 (RLIN) 1238
650 #0 - ASIENTO SECUNDARIO DE MATERIA - TERMINO TEMÁTICO
Término temático o nombre geográfico como elemento de entrada Evangelización
9 (RLIN) 362
650 #0 - ASIENTO SECUNDARIO DE MATERIA - TERMINO TEMÁTICO
Término temático o nombre geográfico como elemento de entrada Ecumenismo
Subdivisión general Historia
9 (RLIN) 1146
773 0# - ASIENTO DE ITEM FUENTE
Título International Bulletin
Biblionumber 49483
Itemnumber 61013
Parte(s) relacionada(s) / Volumen., número. (mes año), páginas Volumen 19, (número 4, 1995), páginas: 166 - 170
Enumeración y primera página página: 166
942 ## - TIPO DE MATERIAL (KOHA)
Tipo de Item KOHA Artículos de Revista
945 ## - INFORMACIÓN LOCAL DEL REGISTRO
Catalogador Catherine Arias Álvarez - Practicante SENA

No hay ítems disponibles.

Biblioteca FUSBC | Teléfono: (57+4) 349 88 10 Ext. 141| WhatsApp (+57) 3005338115 
E-mail: biblioteca@unisbc.edu.co | Calle 76 87-14 Robledo Palenque, Medellín, Colombia

Con tecnología Koha